000 00416nam a22001697a 4500
003 CEME
005 20210628201744.0
008 210216b xxu||||| |||| 00| 0 eng d
020 _a0-304-33219-4
040 _c.
082 _a694.6 MIT
245 _aCarpentry and joinery
250 _a2ND
260 _aGREAT BRITAIN
_bCASSELL
_c1997
650 _aCARPENTRY JOINERY TIMBER TECHNOLOGY
_956670
942 _cBK
_2ddc
999 _c567043
_d567043